Encounters : (Record no. 75297)

MARC details
000 -LEADER
fixed length control field 00552nam a22001937a 4500
005 - DATE AND TIME OF LATEST TRANSACTION
control field 20130509111012.0
010 ## - LCCN (DPL NO)
LC control number ENG-107082
020 ## - INTERNATIONAL STANDARD BOOK NUMBER
International Standard Book Number 9789382363019
Terms of availability 160.00
020 ## - INTERNATIONAL STANDARD BOOK NUMBER
International Standard Book Number 9382363017
Terms of availability 160.00
035 ## - SYSTEM CONTROL NUMBER
System control number EN-90615
037 ## - SOURCE OF ACQUISITION
Source of stock number/acquisition DBAD/PUB
082 ## - DEWEY DECIMAL CLASSIFICATION NUMBER
Classification number S
100 ## - MAIN ENTRY--PERSONAL NAME
Personal name Raghunandan
245 ## - TITLE STATEMENT
Title Encounters :
Statement of responsibility, etc by Raghunandan
Remainder of title a collection of stories /
260 ## - PUBLICATION, DISTRIBUTION, ETC. (IMPRINT)
Place of publication, distribution, etc New Delhi
Name of publisher, distributor, etc Readworthy Publications
Date of publication, distribution, etc 2013
270 ## - ADDRESS
Address B-65 Mansa Ram Park Near Master Palace
City New Delhi
Postal code 110059
300 ## - PHYSICAL DESCRIPTION
Extent 176p.
Dimensions 21cm(pbk)
942 ## - ADDED ENTRY ELEMENTS (KOHA)
Source of classification or shelving scheme Dewey Decimal Classification
Item type English Books
Classification part S
Call number suffix RAG
Holdings
Withdrawn status Lost status Not for loan Collection code Home library Current library Date acquired Source of acquisition Cost, normal purchase price Full call number Barcode Copy number Cost, replacement price Koha item type
    Not For Loan Fiction D.B.Act.Division D.B.Act.Division 09/05/2013 DBAD/PUB 160.00 S RAG EN-90615 1 160.00 English Books

© Delhi Public Library
Hit Counter
free hit counter